000 00524nam a2200181Ia 4500
005 20250508151043.0
008 008 250505s9999 xx 000 0 eng d
037 _aTextual
040 _aFEDL
_beng
_cFEDL
041 _aeng
_2eng
084 _a373, MEN
_qFEDL
100 _aMendenhall C B
_9758315
245 0 _aSecondary education : Guidance-curiculum-method
260 _aNew York, USA
_bWilliam Sloane Associates
_c1951
300 _aviii,424p.
942 _cTEXL
_h373, MEN
999 _c1327293
_d1327293